Investigation in currency and finance / (Record no. 85004)

MARC details
000 -LEADER
campo de control de longitud fija 00687nam a2200181 i 4500
001 - NÚMERO DE CONTROL
campo de control 85004
003 - IDENTIFICADOR DE NÚMERO DE CONTROL
campo de control ES-MaACL
005 - FECHA Y HORA DE LA ÚLTIMA TRANSACCIÓN
campo de control 20230906175148.0
007 - CAMPO FIJO DE DESCRIPCIÓN FÍSICA--INFORMACIÓN GENERAL
campo de control de longitud fija t|
008 - DATOS DE LONGITUD FIJA--INFORMACIÓN GENERAL
campo de control de longitud fija 041124s1909 xxk ||||1| eng d
100 1# - ENTRADA PRINCIPAL--NOMBRE DE PERSONA
Nombre de persona Jevons, William Stanley.
9 (RLIN) 128300
245 10 - MENCIÓN DEL TÍTULO
Título Investigation in currency and finance /
Mención de responsabilidad, etc. by W. Stanley Jevons ; illustrated by eighteen diagrams edited with and introduction by H.S. Foxwell ; new edition abridged with preface by H. Stanley Jevons.
260 ## - PUBLICACIÓN, DISTRIBUCIÓN, ETC.
Lugar de publicación, distribución, etc. London :
Nombre del editor, distribuidor, etc. [s.n.,
Fecha de publicación, distribución, etc. 1909] (
Lugar de fabricación/manufactura Glasgow :
Fabricante Robert Maclehose)
300 ## - DESCRIPCIÓN FÍSICA
Extensión XXXVI, 347 p. ;
Dimensiones 23 cm.
700 1# - ENTRADA AGREGADA--NOMBRE PERSONAL
Nombre de persona Foxwell, H. S.
9 (RLIN) 52039
700 1# - ENTRADA AGREGADA--NOMBRE PERSONAL
Nombre de persona Jevons, H. Stanley.
9 (RLIN) 66385
852 ## - LOCALIZACIÓN
Ubicación ES-MaACL
Número de control de estantería B-5633
Holdings
Estatus retirado Estado de pérdida Estado de daño No para préstamo Biblioteca de origen Biblioteca actual Ubicación en estantería Fecha de adquisición Fuente de adquisición Total de préstamos Signatura topográfica completa Código de barras Visto por última vez Precio de reemplazo Tipo de ítem Koha
        Biblioteca del Ateneo de Madrid Biblioteca del Ateneo de Madrid Sala Pardo Bazán 17/01/2008     B-5633 1088830 23/02/2023 23/02/2023 Libro impreso